<?xml version="1.0" encoding="UTF-8"?>
<record
    xmlns:xsi="http://www.w3.org/2001/XMLSchema-instance"
    xsi:schemaLocation="http://www.loc.gov/MARC21/slim http://www.loc.gov/standards/marcxml/schema/MARC21slim.xsd"
    xmlns="http://www.loc.gov/MARC21/slim">

  <leader>01416nam2a22002771  4500</leader>
  <controlfield tag="001">rc\4609566</controlfield>
  <controlfield tag="005">20250612131738.0</controlfield>
  <datafield tag="021" ind1=" " ind2=" ">
    <subfield code="a">RU</subfield>
    <subfield code="b">[66-80936]</subfield>
  </datafield>
  <datafield tag="035" ind1=" " ind2=" ">
    <subfield code="a">(NLR Aleph) 008670141</subfield>
  </datafield>
  <datafield tag="090" ind1=" " ind2=" ">
    <subfield code="a">9115044</subfield>
    <subfield code="c">9115044</subfield>
  </datafield>
  <datafield tag="100" ind1=" " ind2=" ">
    <subfield code="a">20130416d1966    |||y0rusy50      ca</subfield>
  </datafield>
  <datafield tag="101" ind1="0" ind2=" ">
    <subfield code="a">rus</subfield>
  </datafield>
  <datafield tag="102" ind1=" " ind2=" ">
    <subfield code="a">RU</subfield>
  </datafield>
  <datafield tag="105" ind1=" " ind2=" ">
    <subfield code="a">a   z   |||||</subfield>
  </datafield>
  <datafield tag="200" ind1="1" ind2=" ">
    <subfield code="a">1920-1940</subfield>
    <subfield code="f">[&#x410;&#x432;&#x442;. &#x43F;&#x440;&#x43E;&#x444;. &#x412;.&#x41A;. &#x41C;&#x438;&#x448;&#x43A;&#x435;, &#x43A;&#x430;&#x43D;&#x434;. &#x438;&#x441;&#x442;. &#x43D;&#x430;&#x443;&#x43A; &#x41F;.&#x411;. &#x411;&#x430;&#x43C;&#x431;&#x438;&#x442;&#x438;&#x441;, &#x42F;.&#x42F;. &#x411;&#x438;&#x435;&#x437;&#x430;&#x439;&#x441; &#x438; &#x434;&#x440;.]</subfield>
  </datafield>
  <datafield tag="210" ind1=" " ind2=" ">
    <subfield code="c">&#x41B;&#x438;&#x435;&#x441;&#x43C;&#x430;</subfield>
    <subfield code="d">1966</subfield>
    <subfield code="a">&#x411;. &#x43C;.</subfield>
  </datafield>
  <datafield tag="215" ind1=" " ind2=" ">
    <subfield code="a">472 &#x441;.</subfield>
    <subfield code="c">&#x438;&#x43B;.</subfield>
  </datafield>
  <datafield tag="461" ind1=" " ind2="0">
    <subfield code="1">001rc\4609564</subfield>
    <subfield code="1">2001#$a&#x41E;&#x447;&#x435;&#x440;&#x43A;&#x438; &#x438;&#x441;&#x442;&#x43E;&#x440;&#x438;&#x438; &#x41A;&#x43E;&#x43C;&#x43C;&#x443;&#x43D;&#x438;&#x441;&#x442;&#x438;&#x447;&#x435;&#x441;&#x43A;&#x43E;&#x439; &#x43F;&#x430;&#x440;&#x442;&#x438;&#x438; &#x41B;&#x430;&#x442;&#x432;&#x438;&#x438;$e[&#x427;.] 1-$f&#x418;&#x43D;-&#x442; &#x438;&#x441;&#x442;&#x43E;&#x440;&#x438;&#x438; &#x43F;&#x430;&#x440;&#x442;&#x438;&#x438; &#x43F;&#x440;&#x438; &#x426;&#x41A; &#x41A;&#x41F; &#x41B;&#x430;&#x442;&#x432;&#x438;&#x438; - &#x444;&#x438;&#x43B;&#x438;&#x430;&#x43B; &#x418;&#x43D;-&#x442;&#x430; &#x43C;&#x430;&#x440;&#x43A;&#x441;&#x438;&#x437;&#x43C;&#x430;-&#x43B;&#x435;&#x43D;&#x438;&#x43D;&#x438;&#x437;&#x43C;&#x430; &#x43F;&#x440;&#x438; &#x426;&#x41A; &#x41A;&#x41F;&#x421;&#x421;$v[&#x427;.] 2</subfield>
    <subfield code="9">9115034</subfield>
    <subfield code="c">&#x420;&#x438;&#x433;&#x430;</subfield>
    <subfield code="d">1962</subfield>
    <subfield code="f">&#x418;&#x43D;-&#x442; &#x438;&#x441;&#x442;&#x43E;&#x440;&#x438;&#x438; &#x43F;&#x430;&#x440;&#x442;&#x438;&#x438; &#x43F;&#x440;&#x438; &#x426;&#x41A; &#x41A;&#x41F; &#x41B;&#x430;&#x442;&#x432;&#x438;&#x438; - &#x444;&#x438;&#x43B;&#x438;&#x430;&#x43B; &#x418;&#x43D;-&#x442;&#x430; &#x43C;&#x430;&#x440;&#x43A;&#x441;&#x438;&#x437;&#x43C;&#x430;-&#x43B;&#x435;&#x43D;&#x438;&#x43D;&#x438;&#x437;&#x43C;&#x430; &#x43F;&#x440;&#x438; &#x426;&#x41A; &#x41A;&#x41F;&#x421;&#x421;</subfield>
    <subfield code="n">&#x41B;&#x430;&#x442;&#x433;&#x43E;&#x441;&#x438;&#x437;&#x434;&#x430;&#x442;</subfield>
    <subfield code="o">[&#x427;.] 1-</subfield>
    <subfield code="t">&#x41E;&#x447;&#x435;&#x440;&#x43A;&#x438; &#x438;&#x441;&#x442;&#x43E;&#x440;&#x438;&#x438; &#x41A;&#x43E;&#x43C;&#x43C;&#x443;&#x43D;&#x438;&#x441;&#x442;&#x438;&#x447;&#x435;&#x441;&#x43A;&#x43E;&#x439; &#x43F;&#x430;&#x440;&#x442;&#x438;&#x438; &#x41B;&#x430;&#x442;&#x432;&#x438;&#x438;</subfield>
    <subfield code="v">[&#x427;.] 2</subfield>
  </datafield>
  <datafield tag="701" ind1=" " ind2="1">
    <subfield code="a">&#x411;&#x430;&#x43C;&#x431;&#x438;&#x442;&#x438;&#x441;</subfield>
    <subfield code="b">&#x41F;.&#x411;.</subfield>
  </datafield>
  <datafield tag="701" ind1=" " ind2="1">
    <subfield code="a">&#x41C;&#x438;&#x448;&#x43A;&#x435;</subfield>
    <subfield code="b">&#x412;.&#x41A;.</subfield>
    <subfield code="g">&#x412;&#x43B;&#x430;&#x434;&#x438;&#x43C;&#x438;&#x440; &#x41A;&#x430;&#x440;&#x43B;&#x43E;&#x432;&#x438;&#x447;</subfield>
  </datafield>
  <datafield tag="701" ind1=" " ind2="1">
    <subfield code="a">&#x411;&#x438;&#x435;&#x437;&#x430;&#x439;&#x441;</subfield>
    <subfield code="b">&#x42F;.&#x42F;.</subfield>
  </datafield>
  <datafield tag="801" ind1=" " ind2="0">
    <subfield code="a">RU</subfield>
    <subfield code="b">NLR</subfield>
    <subfield code="g">psbo</subfield>
  </datafield>
  <datafield tag="801" ind1=" " ind2="1">
    <subfield code="a">RU</subfield>
    <subfield code="b">ELAR</subfield>
    <subfield code="2">rusmarc</subfield>
  </datafield>
  <datafield tag="852" ind1=" " ind2=" ">
    <subfield code="a">NLR</subfield>
    <subfield code="j">62-5/3579</subfield>
  </datafield>
  <datafield tag="942" ind1=" " ind2=" ">
    <subfield code="c">BOOK</subfield>
  </datafield>
  <datafield tag="980" ind1=" " ind2=" ">
    <subfield code="a">NB</subfield>
  </datafield>
  <datafield tag="995" ind1=" " ind2=" ">
    <subfield code="5">2013-10-26</subfield>
    <subfield code="b">NLR01</subfield>
    <subfield code="c">NLR01</subfield>
    <subfield code="e">RF31</subfield>
    <subfield code="f">8670141-10</subfield>
    <subfield code="k">62-5/3579</subfield>
    <subfield code="o">0</subfield>
    <subfield code="r">BOOK</subfield>
    <subfield code="s">6253579_</subfield>
  </datafield>
</record>
